Relacão de obras de arte oferecidas em 1954 e 1955. (Record no. 3714)
[ view plain ]
| 000 -CABECERA | |
|---|---|
| campo de control de longitud fija | 00706nam a2200241 a 4500 |
| 001 - NÚMERO DE CONTROL | |
| campo de control | BRCA_3988 |
| 005 - FECHA Y HORA DE LA ÚLTIMA TRANSACCIÓN | |
| campo de control | 20190320204513.0 |
| 008 - DATOS DE LONGITUD FIJA--INFORMACIÓN GENERAL | |
| campo de control de longitud fija | 150110s1955----po-a######---#000-0#por-# |
| 041 ## - CÓDIGO DE LENGUA | |
| Código de lengua del texto/banda sonora o título independiente | por |
| 044 ## - CÓDIGO DEL PAÍS DE LA ENTIDAD EDITORA/PRODUCTORA | |
| Código MARC del país | po |
| 050 #4 - SIGNATURA TOPOGRÁFICA DE LA BIBLIOTECA DEL CONGRESO | |
| Número de clasificación | N3215 |
| Número de documento/Ítem | .R45 2 1955 |
| 245 10 - MENCIÓN DE TÍTULO | |
| Título | Relacão de obras de arte oferecidas em 1954 e 1955. |
| 260 ## - PUBLICACIÓN, DISTRIBUCIÓN, ETC. | |
| Lugar de publicación, distribución, etc. | Caramulo, Portugal |
| Nombre del editor, distribuidor, etc. | Museu do Caramulo |
| Fecha de publicación, distribución, etc. | 1955 |
| 300 ## - DESCRIPCIÓN FÍSICA | |
| Extensión | 29 p. |
| Otras características físicas | il., 23 láminas |
| Dimensiones | 19 cm. |
| 500 ## - NOTA GENERAL | |
| Nota general | Ver también CDE68 y CDE70 |
| 500 ## - NOTA GENERAL | |
| Nota general | CDE69 |
| 650 14 - PUNTO DE ACCESO ADICIONAL DE MATERIA--TÉRMINO DE MATERIA | |
| Término de materia o nombre geográfico como elemento de entrada | Arte |
| Subdivisión geográfica | Caramulo, Portugal |
| 9 (RLIN) | 10366 |
| 650 14 - PUNTO DE ACCESO ADICIONAL DE MATERIA--TÉRMINO DE MATERIA | |
| Término de materia o nombre geográfico como elemento de entrada | Arte |
| Subdivisión geográfica | Portugal |
| 9 (RLIN) | 10367 |
| 650 14 - PUNTO DE ACCESO ADICIONAL DE MATERIA--TÉRMINO DE MATERIA | |
| Término de materia o nombre geográfico como elemento de entrada | Galerías y museos |
| Subdivisión geográfica | Portugal |
| 9 (RLIN) | 10368 |
| 710 2# - PUNTO DE ACCESO ADICIONAL--NOMBRE DE ENTIDAD CORPORATIVA | |
| Nombre de entidad corporativa o nombre de jurisdicción como elemento de entrada | Museu do Caramulo (Portugal) |
| 9 (RLIN) | 10369 |
| 902 ## - CATALOGADOR | |
| Iniciales | GFM |
| 942 ## - ELEMENTOS DE PUNTO DE ACCESO ADICIONAL (KOHA) | |
| Fuente del sistema de clasificación o colocación | Library of Congress Classification |
| Tipo de ítem Koha | Libros |
| Estado de retiro | Estado de pérdida | Estado dañado | No para préstamo | Localización permanente | Ubicación/localización actual | Fecha de adquisición | Número de inventario | Total de préstamos | Signatura topográfica completa | Código de barras | Fecha visto por última vez | Precio válido a partir de | Tipo de ítem Koha |
|---|---|---|---|---|---|---|---|---|---|---|---|---|---|
| El ejemplar forma parte de la colección y puede ser consultado según las políticas vigentes. | Biblioteca del Museo Franz Mayer (Rogerio Casas-Alatriste) | Biblioteca del Museo Franz Mayer (Rogerio Casas-Alatriste) | 15/01/2010 | CDE69 | N3215 .R45 2 1955 (CDE69) | 3985 | 22/03/2019 | 22/03/2019 | Libros |